[Event "Mercredi 2026.01.07 ABCD"]
[Site "Montreal CAN"]
[Date "2026.01.14"]
[Round "2"]
[White "Di Matteo, Alessio"]
[Black "Ghnatios, Ralph"]
[Result "1-0"]
[WhiteElo "2034"]
[BlackElo "2007"]
[WhiteFideId "-1"]
[BlackFideId "-1"]
[PlyCount "57"]
[GameId "2274321074789409"]
[EventDate "2026.01.07"]
[EventType "tourn"]
[EventRounds "5"]
[EventCountry "CAN"]

1. d4 e6 2. c4 Nf6 3. Nc3 Bb4 4. f3 O-O 5. e4 c5 6. a3 Bxc3+ 7. bxc3 d5 8. e5 Nfd7 9. cxd5 exd5 10. Bd3 Nc6 11. Ne2 Re8 12. O-O Nf8 13. f4 cxd4 14. cxd4 Bg4 15. Be3 Rc8 16. h3 Bxe2 17. Qxe2 Ne6 18. Qf2 Qe7 19. f5 Nc7 20. f6 Qf8 21. Qh4 g6 22. Bh6 Ne6 23. Bxf8 Rxf8 24. Rf4 Nxf4 25. Qxf4 Nd8 26. Qh6 Ne6 27. Rf1 Kh8 28. Rf4 Rg8 29. Qxh7+ 1-0

[Event "Mercredi 2026.01.07 ABCD"]
[Site "Montreal CAN"]
[Date "2026.02.03"]
[Round "2"]
[White "Singher, Jean-Pierre"]
[Black "Porlier, Xavier"]
[Result "1/2-1/2"]
[WhiteElo "1935"]
[BlackElo "1917"]
[WhiteFideId "-1"]
[BlackFideId "-1"]
[PlyCount "53"]
[GameId "2274321074793506"]
[EventDate "2026.01.07"]
[EventType "tourn"]
[EventRounds "5"]
[EventCountry "CAN"]

1. d4 d5 2. c4 e6 3. Nf3 Nf6 4. g3 Be7 5. Bg2 O-O 6. O-O dxc4 7. Na3 Bxa3 8. bxa3 Nc6 9. a4 Rb8 10. Ba3 Re8 11. Rc1 b6 12. Rxc4 Na5 13. Ne5 Bb7 14. Nc6 Nxc6 15. Bxc6 Bxc6 16. Rxc6 Qd7 17. Qc2 Qxd4 18. Rd1 Qg4 19. Rxc7 Qh3 20. Qc6 a6 21. Bb2 Nd5 22. Rb7 Rbc8 23. Qd7 Qh5 24. a5 Red8 25. Rc7 Rb8 26. Rb7 Rbc8 27. Rc7 1/2-1/2

[Event "Mercredi 2026.01.07 ABCD"]
[Site "Montreal CAN"]
[Date "2026.01.21"]
[Round "3"]
[White "Porlier, Xavier"]
[Black "Di Matteo, Alessio"]
[Result "0-1"]
[WhiteElo "1917"]
[BlackElo "2034"]
[WhiteFideId "-1"]
[BlackFideId "-1"]
[PlyCount "98"]
[GameId "2274321074793507"]
[EventDate "2026.01.07"]
[EventType "tourn"]
[EventRounds "5"]
[EventCountry "CAN"]

1. e4 c5 2. Nc3 a6 3. d4 cxd4 4. Qxd4 e6 5. Bd3 b5 6. Nf3 Bb7 7. O-O Qc7 8. Qe3 Nf6 9. Re1 h6 10. a3 Bc5 11. Qe2 Ng4 12. Nd1 d6 13. b4 Ba7 14. Bb2 Ne5 15. Nxe5 dxe5 16. Rc1 Nc6 17. c4 bxc4 18. Bxc4 Qe7 19. Kh1 O-O 20. Qh5 Qg5 21. Qxg5 hxg5 22. Bxa6 Bxa6 23. Rxc6 Bd4 24. Rd6 Rfd8 25. Rxd8+ Rxd8 26. a4 Bc4 27. Bc1 f6 28. g3 Bb3 29. Nb2 Bxf2 30. Rf1 Bd4 31. a5 Bc2 32. Re1 Rb8 33. Re2 Bb1 34. Kg2 Rxb4 35. Nd1 Bd3 36. Re1 Ra4 37. Kf3 Rxa5 38. Ne3 f5 39. exf5 exf5 40. g4 e4+ 41. Kg2 Ra2+ 42. Kh3 Bxe3 43. Bxe3 f4 44. Bd4 Ra4 45. Bc5 Kf7 46. Kg2 Ra2+ 47. Kh3 Be2 48. Bb6 Bf3 49. Rg1 Ra8 0-1

[Event "Mercredi 2026.01.07 ABCD"]
[Site "Montreal CAN"]
[Date "2026.01.21"]
[Round "3"]
[White "Ghnatios, Ralph"]
[Black "Lopez Linares, Lizandro"]
[Result "0-1"]
[WhiteElo "2007"]
[BlackElo "2011"]
[WhiteFideId "-1"]
[BlackFideId "-1"]
[PlyCount "42"]
[GameId "2274321074797604"]
[EventDate "2026.01.07"]
[EventType "tourn"]
[EventRounds "5"]
[EventCountry "CAN"]

1. e4 e6 2. d4 d5 3. Nc3 Nf6 4. e5 Nfd7 5. f4 c5 6. Nf3 Nc6 7. Be3 a6 8. Qd2 b5 9. dxc5 Bxc5 10. Bd3 d4 11. Nxd4 Qb6 12. Be4 Bb7 13. O-O-O O-O-O 14. Bxc6 Bxc6 15. b4 Bxb4 16. Ndxb5 Nc5 17. Nd6+ Rxd6 18. Qxd6 Bxc3 19. Rd3 Nxd3+ 20. cxd3 Qb2+ 21. Kd1 Ba4# 0-1

[Event "Mercredi 2026.01.07 ABCD"]
[Site "Montreal CAN"]
[Date "2026.01.21"]
[Round "3"]
[White "Singher, Jean-Pierre"]
[Black "Nassif, Aba"]
[Result "0-1"]
[WhiteElo "1935"]
[BlackElo "1910"]
[WhiteFideId "-1"]
[BlackFideId "-1"]
[PlyCount "38"]
[GameId "2274321074797605"]
[EventDate "2026.01.07"]
[EventType "tourn"]
[EventRounds "5"]
[EventCountry "CAN"]

1. d4 f5 2. Nc3 Nf6 3. Bg5 d5 4. Bxf6 exf6 5. e3 Be6 6. Bd3 Nc6 7. a3 Qd7 8. Nge2 O-O-O 9. Rc1 Na5 10. O-O g5 11. Nb1 Nc4 12. g3 Nxb2 13. Qd2 Bd6 14. c4 Nxd3 15. Qxd3 c6 16. Nbc3 Bc7 17. cxd5 Bxd5 18. Nxd5 Qxd5 19. Rc5 Qxc5 0-1

[Event "Mercredi 2026.01.07 ABCD"]
[Site "Montreal CAN"]
[Date "2026.01.28"]
[Round "4"]
[White "Di Matteo, Alessio"]
[Black "Singher, Jean-Pierre"]
[Result "1/2-1/2"]
[WhiteElo "2034"]
[BlackElo "1935"]
[WhiteFideId "-1"]
[BlackFideId "-1"]
[PlyCount "127"]
[GameId "2274321074801702"]
[EventDate "2026.01.07"]
[EventType "tourn"]
[EventRounds "5"]
[EventCountry "CAN"]

1. d4 Nf6 2. c4 g6 3. Nc3 d5 4. Nf3 Bg7 5. Qb3 dxc4 6. Qxc4 Nc6 7. e4 e5 8. d5 Nd4 9. Nxd4 exd4 10. Qxd4 O-O 11. Be2 Re8 12. Qc4 c6 13. dxc6 Be6 14. Qa4 bxc6 15. O-O Qb6 16. Rb1 a5 17. Be3 Qb4 18. f3 Ng4 19. fxg4 Bxc3 20. Qxb4 Bxb4 21. a3 Bf8 22. Bf3 Rab8 23. Bd4 c5 24. Bc3 a4 25. h4 Bb3 26. g5 Bd6 27. g4 Bc2 28. Rbe1 Bg3 29. h5 Be5 30. Rf2 Bd3 31. Bd1 Bg3 32. e5 Bxf2+ 33. Kxf2 Bb5 34. Bf3 Rbd8 35. Rh1 Rd3 36. Be2 Rxc3 37. bxc3 Bxe2 38. Kxe2 Rxe5+ 39. Kf3 Rxg5 40. hxg6 Rxg6 41. Rb1 Rh6 42. Kg3 Rd6 43. Kf4 Rd3 44. Rc1 Kg7 45. Kg5 Rf3 46. Rc2 h6+ 47. Kh4 Kg6 48. Rc1 Rd3 49. Rc2 c4 50. Rc1 Rd2 51. Kg3 Ra2 52. Kf4 Rxa3 53. Ke4 Ra2 54. Kd4 Rg2 55. Kxc4 Rxg4+ 56. Kd5 Kf6 57. c4 Ke7 58. Kc6 Kd8 59. Kb7 Rd4 60. c5 Rb4+ 61. Kc6 a3 62. Rd1+ Kc8 63. Re1 Kd8 64. Rd1+ 1/2-1/2

[Event "Mercredi 2026.01.07 ABCD"]
[Site "Montreal CAN"]
[Date "2026.01.28"]
[Round "4"]
[White "Nassif, Aba"]
[Black "Ghnatios, Ralph"]
[Result "1-0"]
[WhiteElo "1910"]
[BlackElo "2007"]
[WhiteFideId "-1"]
[BlackFideId "-1"]
[PlyCount "57"]
[GameId "2274321074801703"]
[EventDate "2026.01.07"]
[EventType "tourn"]
[EventRounds "5"]
[EventCountry "CAN"]

1. e4 c5 2. Nf3 g6 3. d4 Bg7 4. Bc4 cxd4 5. c3 dxc3 6. Nxc3 Nc6 7. O-O Nf6 8. e5 Ng4 9. Bxf7+ Kxf7 10. Ng5+ Ke8 11. Qxg4 Nxe5 12. Qa4 Nc6 13. Nd5 d6 14. Re1 e5 15. Qc4 h6 16. Ne4 Bf5 17. Bd2 Rc8 18. Rac1 Rf8 19. g4 Nd4 20. Nxd6+ Qxd6 21. Qxd4 Rxc1 22. Bxc1 Bd7 23. Qc4 Bc6 24. Rd1 Rf7 25. Rd2 Kf8 26. Nf4 Qf6 27. Ne6+ Ke8 28. Rd8+ Qxd8 29. Nxd8 1-0

[Event "Mercredi 2026.01.07 ABCD"]
[Site "Montreal CAN"]
[Date "2026.01.28"]
[Round "4"]
[White "Lopez Linares, Lizandro"]
[Black "Porlier, Xavier"]
[Result "0-1"]
[WhiteElo "2011"]
[BlackElo "1917"]
[WhiteFideId "-1"]
[BlackFideId "-1"]
[PlyCount "46"]
[GameId "2274321074801704"]
[EventDate "2026.01.07"]
[EventType "tourn"]
[EventRounds "5"]
[EventCountry "CAN"]

1. d4 d5 2. Nf3 Nf6 3. c4 e6 4. Nc3 Be7 5. Bg5 h6 6. Bh4 O-O 7. e3 b6 8. Rc1 Bb7 9. Be2 Nbd7 10. cxd5 exd5 11. O-O c5 12. dxc5 bxc5 13. Qa4 Qb6 14. Bb5 Rfd8 15. Bxd7 Rxd7 16. Bxf6 Bc6 17. Qf4 Bxf6 18. b3 Re8 19. Na4 Bxa4 20. Qxa4 Rdd8 21. Rfd1 Bb2 22. Rc2 Re4 23. Nd4 cxd4 0-1

[Event "Mercredi 2026.01.07 ABCD"]
[Site "Montreal CAN"]
[Date "2026.02.04"]
[Round "5"]
[White "Lopez Linares, Lizandro"]
[Black "Di Matteo, Alessio"]
[Result "1-0"]
[WhiteElo "2011"]
[BlackElo "2034"]
[WhiteFideId "-1"]
[BlackFideId "-1"]
[PlyCount "79"]
[GameId "2274321074805801"]
[EventDate "2026.01.07"]
[EventType "tourn"]
[EventRounds "5"]
[EventCountry "CAN"]

1. d4 Nf6 2. Nf3 e6 3. c4 Bb4+ 4. Nbd2 b6 5. e3 Bb7 6. Bd3 O-O 7. Qc2 c5 8. dxc5 Bxc5 9. O-O a5 10. b3 Na6 11. a3 Rc8 12. Bb2 h6 13. Rfd1 Be7 14. Rac1 b5 15. Qb1 b4 16. a4 Nc5 17. Bc2 d6 18. h3 Qc7 19. Nd4 Rfd8 20. N2f3 Bxf3 21. gxf3 d5 22. Nb5 Qb8 23. Bxf6 Bxf6 24. cxd5 Rxd5 25. Rxd5 exd5 26. Bf5 Ne6 27. Kg2 Kf8 28. Bxe6 fxe6 29. Rc2 Bc3 30. Rc1 Qe5 31. f4 Qf6 32. Qd3 g5 33. fxg5 Qxg5+ 34. Kf1 Qg7 35. Ke2 Ke7 36. Nd4 Qe5 37. Qh7+ Ke8 38. Qxh6 Ke7 39. Qh7+ Kd8 40. Rg1 1-0

[Event "Mercredi 2026.01.07 ABCD"]
[Site "Montreal CAN"]
[Date "2026.02.04"]
[Round "5"]
[White "Porlier, Xavier"]
[Black "Nassif, Aba"]
[Result "1-0"]
[WhiteElo "1917"]
[BlackElo "1910"]
[WhiteFideId "-1"]
[BlackFideId "-1"]
[PlyCount "83"]
[GameId "2274321074805802"]
[EventDate "2026.01.07"]
[EventType "tourn"]
[EventRounds "5"]
[EventCountry "CAN"]

1. e4 c5 2. Nc3 Nc6 3. f4 g6 4. Nf3 Bg7 5. Bb5 Nd4 6. Bd3 d6 7. Nxd4 cxd4 8. Ne2 Nf6 9. O-O O-O 10. b3 e5 11. Bb2 Qb6 12. a4 Bg4 13. h3 Bxe2 14. Qxe2 Nh5 15. Qf2 exf4 16. a5 Qc5 17. Ra4 Ng3 18. Re1 Be5 19. b4 Qc7 20. Bxd4 Qe7 21. Bxa7 b5 22. axb6 Qf6 23. c3 d5 24. exd5 Qd6 25. Qc5 Qf6 26. Qc6 Qg5 27. d6 Rad8 28. Ra5 f6 29. Qd5+ Kg7 30. b7 Bxd6 31. Qxg5 fxg5 32. Rb5 Kh6 33. Be4 Rfe8 34. d3 Bc7 35. b8=Q Bxb8 36. Bxb8 Rxd3 37. Re5 Rdd8 38. Bc7 Rxe5 39. Bxe5 Re8 40. Bd3 Nf5 41. b5 Ne3 42. Bd4 1-0

[Event "Mercredi 2026.01.07 ABCD"]
[Site "Montreal CAN"]
[Date "2026.02.04"]
[Round "5"]
[White "Ghnatios, Ralph"]
[Black "Singher, Jean-Pierre"]
[Result "1-0"]
[WhiteElo "2007"]
[BlackElo "1935"]
[WhiteFideId "-1"]
[BlackFideId "-1"]
[PlyCount "65"]
[GameId "2274321074809899"]
[EventDate "2026.01.07"]
[EventType "tourn"]
[EventRounds "5"]
[EventCountry "CAN"]

1. b3 d5 2. Bb2 Bf5 3. Nf3 e6 4. g3 Nf6 5. Bg2 c5 6. d3 Nc6 7. Nbd2 h6 8. O-O Be7 9. Ne5 Nxe5 10. Bxe5 O-O 11. e4 dxe4 12. dxe4 Bg6 13. Qe2 Nd7 14. Bb2 Rb8 15. Rfd1 Qc7 16. f4 Rbd8 17. Nc4 b5 18. Ne5 Nxe5 19. Bxe5 Qb7 20. f5 Bh7 21. Qg4 f6 22. Bf4 Kh8 23. fxe6 Qb6 24. Rd5 Bg8 25. Bh3 c4+ 26. Kh1 cxb3 27. cxb3 f5 28. exf5 Qc6 29. Bg2 Qc2 30. Be5 Bf6 31. Bxf6 Rxf6 32. Rd7 g6 33. Qd4 1-0

[Event "Mercredi 2026.01.07 ABCD"]
[Site "Montreal CAN"]
[Date "2026.01.07"]
[Round "1"]
[White "Barko, Maxim"]
[Black "Nardone, Raul"]
[Result "1-0"]
[WhiteElo "1899"]
[BlackElo "1696"]
[WhiteFideId "-1"]
[BlackFideId "-1"]
[PlyCount "45"]
[GameId "2274321074809900"]
[EventDate "2026.01.07"]
[EventType "tourn"]
[EventRounds "5"]
[EventCountry "CAN"]

1. d4 d5 2. Nf3 Nf6 3. c3 c6 4. Bf4 Qb6 5. Qc2 g6 6. Nbd2 Bf5 7. Qc1 Na6 8. h3 Rc8 9. g4 Be4 10. Nxe4 dxe4 11. Nd2 c5 12. Be5 Rg8 13. Bg2 Nd7 14. Bxe4 Nxe5 15. dxe5 Qe6 16. Nf3 Rc7 17. Qf4 h6 18. h4 Nb8 19. c4 Nd7 20. Bd5 g5 21. hxg5 Qg6 22. e6 fxe6 23. Qxc7 1-0

[Event "Mercredi 2026.01.07 ABCD"]
[Site "Montreal CAN"]
[Date "2026.01.07"]
[Round "1"]
[White "Qi, Jason"]
[Black "Hartner, Rian"]
[Result "1/2-1/2"]
[WhiteElo "1903"]
[BlackElo "1890"]
[WhiteFideId "-1"]
[BlackFideId "-1"]
[PlyCount "66"]
[GameId "2274321074813997"]
[EventDate "2026.01.07"]
[EventType "tourn"]
[EventRounds "5"]
[EventCountry "CAN"]

1. e4 c6 2. d4 d5 3. e5 c5 4. Nf3 Nc6 5. dxc5 Bg4 6. c3 e6 7. Be3 Bxf3 8. Qxf3 Nxe5 9. Bb5+ Nc6 10. c4 Nf6 11. Nc3 a6 12. Ba4 Qa5 13. a3 Qc7 14. O-O-O Be7 15. cxd5 exd5 16. Bf4 Qd8 17. Nxd5 Nxd5 18. Rxd5 Qa5 19. Bxc6+ bxc6 20. Re5 Kf8 21. b4 Qb5 22. Rxe7 Qc4+ 23. Kb2 Kxe7 24. Bd6+ Kd7 25. Rd1 Rhd8 26. Re1 Re8 27. Qf5+ Kd8 28. Qg5+ f6 29. Bc7+ Kc8 30. Rxe8+ Kb7 31. Qxg7 Qd4+ 32. Kc2 Qc4+ 33. Kd2 Qd4+ 1/2-1/2

[Event "Mercredi 2026.01.07 ABCD"]
[Site "Montreal CAN"]
[Date "2026.01.07"]
[Round "1"]
[White "Hudon, Paul"]
[Black "Beaudry, Marc-Andre"]
[Result "0-1"]
[WhiteElo "1820"]
[BlackElo "1887"]
[WhiteFideId "-1"]
[BlackFideId "-1"]
[PlyCount "56"]
[GameId "2274321074813998"]
[EventDate "2026.01.07"]
[EventType "tourn"]
[EventRounds "5"]
[EventCountry "CAN"]

1. c4 c5 2. Nc3 Nf6 3. g3 d5 4. cxd5 Nxd5 5. Bg2 Nc7 6. Nf3 Nc6 7. b3 e5 8. Bb2 Be7 9. Rc1 f6 10. O-O O-O 11. e3 Bg4 12. a3 Qd7 13. Ne4 f5 14. Nxc5 Bxc5 15. Rxc5 e4 16. Qe2 Bxf3 17. Bxf3 exf3 18. Qxf3 Qxd2 19. Bc3 Qd7 20. Rd1 Qf7 21. h4 a6 22. h5 h6 23. Rd6 Ne6 24. Qd5 Nxc5 25. Rg6 Ne6 26. Qxe6 Qxe6 27. Rxg7+ Kh8 28. Rg6+ Qe5 0-1

[Event "Mercredi 2026.01.07 ABCD"]
[Site "Montreal CAN"]
[Date "2026.01.14"]
[Round "2"]
[White "Hartner, Rian"]
[Black "Barko, Maxim"]
[Result "0-1"]
[WhiteElo "1890"]
[BlackElo "1899"]
[WhiteFideId "-1"]
[BlackFideId "-1"]
[PlyCount "138"]
[GameId "2274321074818095"]
[EventDate "2026.01.07"]
[EventType "tourn"]
[EventRounds "5"]
[EventCountry "CAN"]

1. e4 c5 2. Nf3 g6 3. d4 cxd4 4. Nxd4 Nc6 5. c4 Nf6 6. Nc3 d6 7. Be2 Nxd4 8. Qxd4 Bg7 9. Be3 O-O 10. Qd2 a5 11. f3 a4 12. O-O Qa5 13. Rab1 Be6 14. b4 axb3 15. axb3 Qb4 16. Na4 Qxd2 17. Bxd2 Nd7 18. Bc3 Bxc3 19. Nxc3 Ra3 20. Nd5 Ra2 21. Nc3 Ra3 22. Nb5 Ra2 23. Nc3 Rc2 24. Rfc1 Rxc1+ 25. Rxc1 Ra8 26. Nd5 Ra2 27. Bf1 Kf8 28. Rb1 Ne5 29. b4 Rc2 30. Ra1 Bxd5 31. cxd5 Rb2 32. b5 Nd7 33. h4 Kg7 34. Kh2 Kf6 35. Kg3 Ne5 36. Kf4 h6 37. Rd1 Nd7 38. g4 g5+ 39. hxg5+ hxg5+ 40. Ke3 Rb3+ 41. Kf2 Ke5 42. Bc4 Rc3 43. Be2 Rb3 44. Bc4 Rb4 45. Be2 Kf4 46. Rc1 Nc5 47. Rc3 Rxe4 48. Bf1 Rd4 49. Re3 Rd2+ 50. Be2 e5 51. dxe6 fxe6 52. Rc3 Rd4 53. Ra3 Ra4 54. Rc3 e5 55. Rc1 b6 56. Rd1 Rd4 57. Rxd4+ exd4 58. Bc4 Nd7 59. Bd5 Ne5 60. Ke2 d3+ 61. Kd2 Nxf3+ 62. Kxd3 Ne5+ 63. Kd4 Nxg4 64. Be6 Ne3 65. Bc8 Nf5+ 66. Kd3 g4 67. Bb7 g3 68. Kc4 Ne3+ 69. Kd4 d5 0-1

[Event "Mercredi 2026.01.07 ABCD"]
[Site "Montreal CAN"]
[Date "2026.01.14"]
[Round "2"]
[White "Beaudry, Marc-Andre"]
[Black "Nardone, Raul"]
[Result "1-0"]
[WhiteElo "1887"]
[BlackElo "1696"]
[WhiteFideId "-1"]
[BlackFideId "-1"]
[PlyCount "87"]
[GameId "2274321074822192"]
[EventDate "2026.01.07"]
[EventType "tourn"]
[EventRounds "5"]
[EventCountry "CAN"]

1. e4 c5 2. Nf3 Nc6 3. Bb5 g6 4. Bxc6 dxc6 5. d3 Bg7 6. h3 Nf6 7. Nc3 e5 8. Be3 Qe7 9. Qd2 h6 10. a4 a5 11. Nh2 b6 12. O-O Nh5 13. Ne2 Bd7 14. c3 g5 15. d4 Rd8 16. Qc2 Nf4 17. dxc5 bxc5 18. Ng3 h5 19. Nf5 Bxf5 20. exf5 Nd5 21. g3 Nxe3 22. fxe3 e4 23. Rad1 Rxd1 24. Rxd1 Qe5 25. Qf2 O-O 26. g4 h4 27. Nf1 Bf6 28. Rd7 Rd8 29. Rxd8+ Bxd8 30. Qd2 Qd5 31. c4 Qd3 32. Kf2 Bf6 33. Qxd3 exd3 34. Ke1 Bxb2 35. Kd2 Kg7 36. Kxd3 Bf6 37. Nd2 Be7 38. Nb3 Bd8 39. Nxc5 Kf6 40. Ke4 Bc7 41. Nd7+ Ke7 42. Ne5 c5 43. Kd5 Kf6 44. Nd7+ 1-0

[Event "Mercredi 2026.01.07 ABCD"]
[Site "Montreal CAN"]
[Date "2026.01.14"]
[Round "2"]
[White "Hudon, Paul"]
[Black "Qi, Jason"]
[Result "0-1"]
[WhiteElo "1820"]
[BlackElo "1903"]
[WhiteFideId "-1"]
[BlackFideId "-1"]
[PlyCount "66"]
[GameId "2274321074822193"]
[EventDate "2026.01.07"]
[EventType "tourn"]
[EventRounds "5"]
[EventCountry "CAN"]

1. d4 d5 2. c4 e6 3. Nf3 a6 4. g3 dxc4 5. Bg2 Nc6 6. O-O Rb8 7. e4 Nf6 8. d5 Nb4 9. Ne5 exd5 10. exd5 Nbxd5 11. Qd4 Be7 12. Qxc4 O-O 13. Rd1 Be6 14. Bg5 Ne3 15. Rxd8 Nxc4 16. Rxf8+ Kxf8 17. Nxc4 Bxc4 18. Nd2 Be6 19. Rc1 c6 20. Nc4 Rd8 21. a3 h6 22. Be3 Bxc4 23. Rxc4 Rd1+ 24. Bf1 Nd5 25. Bc1 Bg5 26. Bxg5 hxg5 27. Kg2 Rd2 28. Re4 Rxb2 29. Bc4 f6 30. h4 gxh4 31. Rxh4 Ne3+ 32. Kg1 Nxc4 33. Rxc4 Ra2 0-1

[Event "Mercredi 2026.01.07 ABCD"]
[Site "Montreal CAN"]
[Date "2026.01.21"]
[Round "3"]
[White "Nardone, Raul"]
[Black "Hartner, Rian"]
[Result "0-1"]
[WhiteElo "1696"]
[BlackElo "1890"]
[WhiteFideId "-1"]
[BlackFideId "-1"]
[PlyCount "108"]
[GameId "2274321074822194"]
[EventDate "2026.01.07"]
[EventType "tourn"]
[EventRounds "5"]
[EventCountry "CAN"]

1. d4 Nf6 2. c4 c5 3. d5 b5 4. cxb5 a6 5. e3 g6 6. Nc3 Bg7 7. Nf3 O-O 8. Be2 Bb7 9. O-O e6 10. e4 axb5 11. Bxb5 Na6 12. Bg5 Qc8 13. Re1 Nc7 14. Bc4 exd5 15. exd5 d6 16. Bf4 Qd7 17. h3 Nh5 18. Bh2 f5 19. Ng5 f4 20. Ne6 Rf5 21. Nxc5 dxc5 22. d6+ Kh8 23. dxc7 Qxc7 24. f3 Bd4+ 25. Kh1 Bf2 26. Nb5 Qg7 27. Re6 Rff8 28. Qc2 Ng3+ 29. Bxg3 fxg3 30. Nd6 Rab8 31. Nxb7 Rxb7 32. Rb1 Rd8 33. b3 Rbd7 34. Qe2 Qd4 35. Re8+ Rxe8 36. Qxe8+ Kg7 37. Rf1 Qd6 38. Qe4 Re7 39. Qd5 Qf6 40. a4 Re8 41. Qd7+ Re7 42. Qd5 Re5 43. Qd7+ Kh6 44. a5 Qe7 45. Qxe7 Rxe7 46. a6 Bd4 47. Bb5 Kg5 48. Bc6 c4 49. bxc4 Kf4 50. Be4 g5 51. Rd1 Ba7 52. Rd8 Rc7 53. Bd3 Rc6 54. Rd7 Rxa6 0-1

[Event "Mercredi 2026.01.07 ABCD"]
[Site "Montreal CAN"]
[Date "2026.01.21"]
[Round "3"]
[White "Qi, Jason"]
[Black "Beaudry, Marc-Andre"]
[Result "0-1"]
[WhiteElo "1903"]
[BlackElo "1887"]
[WhiteFideId "-1"]
[BlackFideId "-1"]
[PlyCount "90"]
[GameId "2274321074826291"]
[EventDate "2026.01.07"]
[EventType "tourn"]
[EventRounds "5"]
[EventCountry "CAN"]

1. e4 e5 2. Nf3 Nc6 3. Bb5 a6 4. Ba4 Nf6 5. O-O b5 6. Bb3 Bc5 7. c3 d6 8. a4 Rb8 9. d4 Bb6 10. a5 Ba7 11. h3 Bb7 12. Be3 Nxe4 13. d5 Bxe3 14. dxc6 Nxf2 15. Rxf2 Bxf2+ 16. Kxf2 Bxc6 17. Qe2 O-O 18. Nbd2 Kh8 19. h4 f5 20. Ng5 Qe7 21. Qh5 g6 22. Qh6 Bd7 23. Rh1 Qg7 24. Qxg7+ Kxg7 25. Be6 Rfd8 26. Bb3 h6 27. Ne6+ Bxe6 28. Bxe6 c6 29. h5 Kf6 30. Bb3 g5 31. Nf3 d5 32. Re1 e4 33. Nd4 Rbc8 34. g4 f4 35. Nf5 Rh8 36. Ba2 Rc7 37. Rd1 Ke5 38. Rd4 Rf7 39. b3 Rxf5 40. gxf5 g4 41. Rd1 g3+ 42. Kg2 Rg8 43. f6 f3+ 44. Kg1 Rf8 45. c4 d4 0-1

[Event "Mercredi 2026.01.07 ABCD"]
[Site "Montreal CAN"]
[Date "2026.02.04"]
[Round "3"]
[White "Barko, Maxim"]
[Black "Hudon, Paul"]
[Result "0-1"]
[WhiteElo "1899"]
[BlackElo "1820"]
[WhiteFideId "-1"]
[BlackFideId "-1"]
[PlyCount "54"]
[GameId "2274321074826292"]
[EventDate "2026.01.07"]
[EventType "tourn"]
[EventRounds "5"]
[EventCountry "CAN"]

1. e4 c5 2. Nc3 a6 3. g3 b5 4. Bg2 Bb7 5. d3 e6 6. Nf3 d5 7. exd5 exd5 8. O-O Nf6 9. Bg5 Be7 10. d4 c4 11. Re1 O-O 12. Ne5 h6 13. Bf4 Nbd7 14. a3 Re8 15. h3 Nf8 16. Kh2 Ne6 17. Be3 b4 18. axb4 Bxb4 19. Qf3 Qe7 20. Nxc4 Qc7 21. Ne5 Ne4 22. Reb1 Bd6 23. Qf5 Nxd4 24. Bxd4 Bxe5 25. Bxe5 Rxe5 26. Qf4 Rae8 27. Ne2 Qxc2 0-1

[Event "Mercredi 2026.01.07 ABCD"]
[Site "Montreal CAN"]
[Date "2026.01.28"]
[Round "4"]
[White "Qi, Jason"]
[Black "Barko, Maxim"]
[Result "1-0"]
[WhiteElo "1903"]
[BlackElo "1899"]
[WhiteFideId "-1"]
[BlackFideId "-1"]
[PlyCount "61"]
[GameId "2274321074826293"]
[EventDate "2026.01.07"]
[EventType "tourn"]
[EventRounds "5"]
[EventCountry "CAN"]

1. e4 e6 2. d4 d5 3. Nc3 Be7 4. e5 c5 5. Qg4 g5 6. dxc5 Nc6 7. Nf3 h5 8. Qg3 h4 9. Qg4 Nh6 10. Qh5 g4 11. Ng1 Bxc5 12. Bf4 Qb6 13. O-O-O Bxf2 14. Nb5 Be3+ 15. Bxe3 Qxe3+ 16. Kb1 Kd7 17. c4 Qe4+ 18. Bd3 Qxe5 19. Qxh4 Nf5 20. Qf2 Qe3 21. Qf1 Ng3 22. Qxf7+ Ne7 23. cxd5 exd5 24. Qf6 Rh6 25. Qc3 Rc6 26. Qb3 Nxh1 27. Bf5+ Nxf5 28. Qxd5+ Rd6 29. Qxf5+ Ke7 30. Qh7+ Kf8 31. Nxd6 1-0

[Event "Mercredi 2026.01.07 ABCD"]
[Site "Montreal CAN"]
[Date "2026.01.28"]
[Round "4"]
[White "Hudon, Paul"]
[Black "Nardone, Raul"]
[Result "1-0"]
[WhiteElo "1820"]
[BlackElo "1696"]
[WhiteFideId "-1"]
[BlackFideId "-1"]
[PlyCount "65"]
[GameId "2274321074830390"]
[EventDate "2026.01.07"]
[EventType "tourn"]
[EventRounds "5"]
[EventCountry "CAN"]

1. e4 c5 2. c3 d5 3. exd5 Qxd5 4. d4 Nf6 5. Nf3 e6 6. Be3 cxd4 7. cxd4 Be7 8. Nc3 Qa5 9. Bd3 O-O 10. O-O Nc6 11. a3 Nd5 12. Bd2 Nxc3 13. Bxc3 Qh5 14. Qb3 b6 15. Rfe1 Bb7 16. Be4 Bd6 17. Rad1 Na5 18. Qc2 Bxe4 19. Rxe4 Rac8 20. Qe2 Bb8 21. d5 exd5 22. Rh4 Qf5 23. Nd4 Qe5 24. Qd3 f5 25. Re1 Rxc3 26. Qxc3 Qf6 27. Qh3 h6 28. Re6 Rc8 29. g3 Rc1+ 30. Kg2 Qg5 31. Re8+ Kh7 32. Rxb8 Nc4 33. Qxf5+ 1-0

[Event "Mercredi 2026.01.07 ABCD"]
[Site "Montreal CAN"]
[Date "2026.01.28"]
[Round "4"]
[White "Beaudry, Marc-Andre"]
[Black "Hartner, Rian"]
[Result "1-0"]
[WhiteElo "1887"]
[BlackElo "1890"]
[WhiteFideId "-1"]
[BlackFideId "-1"]
[PlyCount "59"]
[GameId "2274321074830391"]
[EventDate "2026.01.07"]
[EventType "tourn"]
[EventRounds "5"]
[EventCountry "CAN"]

1. e4 c6 2. d4 d5 3. e5 Bf5 4. h4 h5 5. Bg5 Qb6 6. Bd3 Qxd4 7. Nf3 Qg4 8. Bxf5 Qxf5 9. O-O e6 10. c4 Nd7 11. cxd5 cxd5 12. Nc3 a6 13. Qa4 Rc8 14. Rac1 Rb8 15. Nxd5 exd5 16. Rc7 Bc5 17. e6 b5 18. exd7+ Qxd7 19. Qf4 Bd6 20. Rxd7 Bxf4 21. Bxf4 Kxd7 22. Bxb8 Ne7 23. Bf4 f5 24. Re1 Nc6 25. Be3 Re8 26. Rd1 Kd6 27. Bf4+ Ne5 28. Re1 a5 29. Kf1 b4 30. b3 1-0

[Event "Mercredi 2026.01.07 ABCD"]
[Site "Montreal CAN"]
[Date "2026.02.04"]
[Round "5"]
[White "Barko, Maxim"]
[Black "Beaudry, Marc-Andre"]
[Result "0-1"]
[WhiteElo "1899"]
[BlackElo "1887"]
[WhiteFideId "-1"]
[BlackFideId "-1"]
[PlyCount "36"]
[GameId "2274321074830392"]
[EventDate "2026.01.07"]
[EventType "tourn"]
[EventRounds "5"]
[EventCountry "CAN"]

1. e4 e5 2. Nc3 Nf6 3. Bc4 Nc6 4. d3 Na5 5. Nge2 c6 6. Bg5 d6 7. a3 Nxc4 8. dxc4 h6 9. Be3 Be6 10. Qd3 d5 11. cxd5 cxd5 12. exd5 Nxd5 13. Qb5+ Qd7 14. O-O-O Qxb5 15. Nxb5 Nxe3 16. Nc7+ Ke7 17. Rd3 Rc8 18. Rxe3 Rxc7 0-1

[Event "Mercredi 2026.01.07 ABCD"]
[Site "Montreal CAN"]
[Date "2026.02.04"]
[Round "5"]
[White "Nardone, Raul"]
[Black "Qi, Jason"]
[Result "0-1"]
[WhiteElo "1696"]
[BlackElo "1903"]
[WhiteFideId "-1"]
[BlackFideId "-1"]
[PlyCount "68"]
[GameId "2274321074834489"]
[EventDate "2026.01.07"]
[EventType "tourn"]
[EventRounds "5"]
[EventCountry "CAN"]

1. d4 d5 2. c4 e6 3. Nc3 a6 4. cxd5 exd5 5. Bf4 Nf6 6. e3 c5 7. Bd3 Nc6 8. Nge2 c4 9. Bc2 b5 10. O-O Bd6 11. e4 dxe4 12. Bxd6 Qxd6 13. Nxe4 Nxe4 14. Bxe4 O-O 15. Ng3 f5 16. Bxc6 Qxc6 17. d5 Qg6 18. Qc2 Bb7 19. Rad1 Rad8 20. d6 Bc8 21. d7 Rxd7 22. Rxd7 Bxd7 23. f4 Bc6 24. Qd2 h5 25. Rf2 h4 26. Nf1 h3 27. g3 Bb7 28. Qd7 Qb6 29. a3 Rd8 30. Qxf5 Qc6 31. Rf3 Qxf3 32. Qe6+ Kf8 33. Qf5+ Ke7 34. Qe5+ Kd7 0-1